000 00726nam a2200289Ia 4500
005 20260324113350.0
008 008 260324s9999 xx 000 0 eng d
020 _a9781003540595
037 _aEBOOK
040 _aCRL
040 _beng
040 _cCRL
041 _2eng
041 _aeng
084 _qCRL
100 _aHåkan Edström; Jacob Westberg
_91146484
245 0 _aMilitary Strategy in an Era of Unipolar Demise
245 0 _bExploring Strategic Diversity among Nations
260 _bTaylor and Francis
260 _c2024
365 _a
365 _b220
856 _uhttp://www.taylorfrancis.com/books/9781003540595
942 _cEBOOK
999 _c1736091
_d1736091